Maria Montessoriová : učitelka nové doby / Laura Baldiniová ; z německého originálu Lehrerin einer neuen Zeit ... přeložila Marta El Bournová
Biografický román seznamuje čtenáře s počátky kariéry významné italské pedagožky a zakladatelky výchovně-vzdělávacího programu Montessori. Maria Montessoriová byla výrazná osobnost, pocházela ze zámožné italské rodiny, v roce 1896 se stala první doktorkou medicíny v Itálii, zajímala se o výchovu mentálně postižených dětí a o otázku dětských nervových nemocí, později se věnovala propagaci svého programu vzdělávání. Autorka románovou formou přibližuje náročnou cestu této inteligentní vzdělané dívky, která se díky vlastní houževnatosti a cílevědomosti vypracovala mezi odbornou špičku ve svém oboru. Kvalitně napsaný, čtivý a zajímavý biografický román poutavým způsobem seznámí čtenáře s počátky kariéry této významné italské pedagožky a zakladatelky výchovně-vzdělávacího programu Montessori. Nakladatelská anotace.
Record details
- ISBN: 978-80-249-4502-6
- Physical Description: 278 stran ; 21 cm
- Publisher: Praha : Ikar, 2021
Search for related items by subject
| Subject: | Montessori, Maria, 1870-1952 pedagožky > Itálie > 19.-20. století women educationalists > Italy > 19th-20th centuries |
| Genre: | rakouské romány biografické romány Austrian fiction biographical novels |
Available copies
- 1 of 1 copy available at Common Catalog SPOK.
Holds
- 0 current holds with 1 total copy.
Show All Copies
| Location | Call Number / Copy Notes | Barcode | Shelving Location | Status | Due Date |
|---|---|---|---|---|---|
| Jabok Library | BL-1/Ba | 424480044497 | Beletrie | Available | - |
| LDR | 02719nam a2200517 i 4500 | ||
|---|---|---|---|
| 001 | 50670 | ||
| 003 | CZ-PrJAB | ||
| 005 | 20220228095437.0 | ||
| 007 | ta | ||
| 008 | 210817s2021 xr g 000 fbcze | ||
| 015 | . | ‡acnb003347420 | |
| 020 | . | ‡a978-80-249-4502-6 ‡q(vázáno) | |
| 035 | . | ‡a(CZ PrNK)nkc20213347420 | |
| 035 | . | ‡a(OCoLC)1284974214 | |
| 040 | . | ‡aABG001 ‡bcze ‡erda | |
| 041 | 1 | . | ‡acze ‡hger |
| 043 | . | ‡ae-it--- | |
| 045 | . | ‡aw9x0 | |
| 072 | 7. | ‡a821.112.2-3 ‡xNěmecká próza, německy psaná ‡2Konspekt ‡925 | |
| 072 | 7. | ‡a929 ‡xBiografie ‡2Konspekt ‡98 | |
| 080 | . | ‡a821.112.2(436)-31 ‡2MRF | |
| 080 | . | ‡a37.011.3-055.2 ‡2MRF | |
| 080 | . | ‡a929 ‡2MRF | |
| 080 | . | ‡a(450) ‡2MRF | |
| 080 | . | ‡a(0:82-312.6) ‡2MRF | |
| 100 | 1 | . | ‡aBaldini, Laura, ‡d1970- ‡7xx0263302 ‡4aut |
| 240 | 1 | 0. | ‡aLehrerin einer neuen Zeit. ‡lČesky |
| 245 | 1 | 0. | ‡aMaria Montessoriová : ‡bučitelka nové doby / ‡cLaura Baldiniová ; z německého originálu Lehrerin einer neuen Zeit ... přeložila Marta El Bournová |
| 264 | 1. | ‡aPraha : ‡bIkar, ‡c2021 | |
| 300 | . | ‡a278 stran ; ‡c21 cm | |
| 336 | . | ‡atext ‡btxt ‡2rdacontent | |
| 337 | . | ‡abez média ‡bn ‡2rdamedia | |
| 338 | . | ‡asvazek ‡bnc ‡2rdacarrier | |
| 520 | 2 | . | ‡aBiografický román seznamuje čtenáře s počátky kariéry významné italské pedagožky a zakladatelky výchovně-vzdělávacího programu Montessori. ‡bMaria Montessoriová byla výrazná osobnost, pocházela ze zámožné italské rodiny, v roce 1896 se stala první doktorkou medicíny v Itálii, zajímala se o výchovu mentálně postižených dětí a o otázku dětských nervových nemocí, později se věnovala propagaci svého programu vzdělávání. Autorka románovou formou přibližuje náročnou cestu této inteligentní vzdělané dívky, která se díky vlastní houževnatosti a cílevědomosti vypracovala mezi odbornou špičku ve svém oboru. Kvalitně napsaný, čtivý a zajímavý biografický román poutavým způsobem seznámí čtenáře s počátky kariéry této významné italské pedagožky a zakladatelky výchovně-vzdělávacího programu Montessori. Nakladatelská anotace. |
| 600 | 1 | 7. | ‡aMontessori, Maria, ‡d1870-1952 ‡7jn19990005798 ‡2czenas |
| 648 | 7. | ‡a19.-20. století ‡7ch757015 ‡2czenas | |
| 650 | 0 | 7. | ‡apedagožky ‡7ph270273 ‡zItálie ‡y19.-20. století ‡2czenas |
| 650 | 0 | 9. | ‡awomen educationalists ‡zItaly ‡y19th-20th centuries ‡2eczenas |
| 655 | 7. | ‡arakouské romány ‡7fd133222 ‡2czenas | |
| 655 | 7. | ‡abiografické romány ‡7fd131905 ‡2czenas | |
| 655 | 9. | ‡aAustrian fiction ‡2eczenas | |
| 655 | 9. | ‡abiographical novels ‡2eczenas | |
| 700 | 1 | . | ‡aEl Bournová, Marta ‡7xx0138611 ‡4trl |
| 910 | . | ‡aABG312 | |
| 995 | . | ‡aska | |
| 901 | . | ‡a50670 ‡bAUTOGEN ‡c50670 ‡tbiblio | |